Score 0/25 Timer 05:00
0 Plays Today
Clue Answer % Correct
A type of (light?) pimplewhitehead
88.9%
A type of sharkhammerhead
87.3%
A type of (dark?) pimpleblackhead
87.3%
When two political candidates finally agree to debate they go... (3 words)head to head
84.1%
The lead server of a restauranthead waiter
81%
A follower of Jerry Garcia’s onetime bandDeadhead/Dead Head
79.4%
A line of text appearing at the top of each page of a document OR a type of soccer shotheader
77.8%
If you achieve greatness, try not to get cocky and let it... (4 words)go to your head
74.6%
The top of the little stick you might use to start a firematch head
74.6%
You have this when you wake up and your hair is a tangled messbed head/bedhead
74.6%
In order for a group of people to figure something out, they may have to all... (4 words)put their heads together
71.4%
Campers, miners, spelunkers, etc. often use one of these attachable lights to see better at nightheadlamp
68.3%
An 80s hair band devotee might engage in this at concertsheadbanging
68.3%
Clue Answer % Correct
Former sticom about a group of talented students (among them Dennis)Head of the Class
60.3%
Prudent, reasonable, pragmatic, rational, composed, etc.levelheaded
52.4%
If someone flips out on you (with bared teeth?) you might ‘snappishly’ yell, ‘Jeez, you don’t have to...’ (4 words)bite my head off
52.4%
One who is addicted to pharmaceuticals (i.e. oxycontin, vicodin, etc.)pillhead
41.3%
At sea, this is considered your courseheading
41.3%
A bygone engineer might have yelled this demand when he wanted to go as fast as possible (3 words)Full steam ahead!
39.7%
Stuttering British artificial intelligence character that was also a spokesperson for New CokeMax Headroom
38.1%
A tributary stream of a river close to or forming part of its sourceheadwater
34.9%
The top of a sharp fastener OR a foolish person (also a member of Marty McFly’s band?)pinhead
33.3%
A onetime slogan for Busch beer (and perhaps still is?)Head for the mountains
23.8%
The man with the axe who performs the executionheadsman
19%
Foreigner song that starts off, ‘He drives a ‘57 coupe, walks with a stoop...’Headknocker
17.5%
Remove Ads.
Support Sporcle.
Get the best of Sporcle when you Go Orange. This ad-free experience offers more features, more stats, and more fun while also helping to support Sporcle. Thank you for becoming a member.

You're not logged in!

Compare scores with friends on all Sporcle quizzes.
OR
Log In

Show Comments

Extras

Created Nov 10, 2010ReportNominate
Tags:phrase

Top Quizzes Today


Score Distribution

Your Account Isn't Verified!

In order to create a playlist on Sporcle, you need to verify the email address you used during registration. Go to your Sporcle Settings to finish the process.

Report this User

Report this user for behavior that violates our Community Guidelines.

Details: